000 00976nam a2200205Ia 4500
003 GCL
008 140319s9999 xx 000 0 ara d
040 _aGCL /
_cGCL
082 0 4 _a305.8924
_bأ ج
100 1 _aاسامة جمعة الاشقر
245 1 0 _aجماعات اليهودية فى شمال غرب الجزيرة العربية :
_bدراسة فى اصولهم وقبائلهم ونظم حياتهم السياسية والاجتماعية والثقافية والدينية ولغتهم وكتابتهم فى الجاهلية وصدر الاسلام /
_cاسامة جمعة الاشقر
250 _aالاولى
260 _a[S.N] :
_bاسامة جمعة الاشقر ،
_c2004
300 _a94ص ؛
_c24سم
650 0 4 _aالاقليات
650 0 4 _aاليهود - الاحوال الاجتماعية
650 0 4 _aاليهود - الاحوال الاقتصادية
650 0 4 _aاليهود - الاحوال السياسية
942 _2ddc
_cBK
999 _c57401
_d57401